000 00364nam a2200145Ia 4500
008 210210b2005 xxu||||| |||| 00| 0 eng d
020 _a81 87134 90 9
082 _a620.8 SATB
100 _aSATYANARAYANA (U)
245 _aBiotechnology
260 _aKolkata
_bBooks and Allied (P) Ltd.
_c2005
300 _axix,872
690 _aBiotechnology
906 _a061035
999 _c107631
_d107631